Library of the University of Algiers 3
Ibrahim Sultan Cheibout
شعار جامعة الجزائر 3
مكتبة جامعة الجزائر 3
إبراهيم سلطان شيبوط

قياس و إدارة المخاطر بالبنوك : (رقم التسجيلة. 43838)

تفاصيل مارك
000 -LEADER
fixed length control field 01511nam a2200229Ia 4500
003 - CONTROL NUMBER IDENTIFIER
control field Ost
005 - DATE AND TIME OF LATEST TRANSACTION
control field 20260507075309.0
008 - FIXED-LENGTH DATA ELEMENTS--GENERAL INFORMATION
fixed length control field 260507s9999||||xx |||||||||||||| ||und||
020 ## - INTERNATIONAL STANDARD BOOK NUMBER
International Standard Book Number 9972403977
040 ## - CATALOGING SOURCE
Transcribing agency fsecg
041 ## - LANGUAGE CODE
Language code of text/sound track or separate title ara
082 ## - DEWEY DECIMAL CLASSIFICATION NUMBER
Classification number 330
100 ## - MAIN ENTRY--PERSONAL NAME
Personal name الخطيب، سمير
Relator term مؤلف
245 #0 - TITLE STATEMENT
Title قياس و إدارة المخاطر بالبنوك :
Remainder of title منهج علمي و تطبيق عملي /
Statement of responsibility, etc. سمير الخطيب
260 ## - PUBLICATION, DISTRIBUTION, ETC.
Place of publication, distribution, etc. الإسكندرية:
Name of publisher, distributor, etc. منشأة المعارف,
Date of publication, distribution, etc. 2005
300 ## - PHYSICAL DESCRIPTION
Extent 291 صفحة؛
Other physical details إيضاحات ؛
Dimensions 24 سم
520 ## - SUMMARY, ETC.
Summary, etc. دور إدارة المخاطر و فلسفة المخاطر و سياستها و بعض المبادئ الاساسية للرقابة الفعالة وفقا لمتطلبات بـــازل و دور المؤسسات الدولية في خفض المخاطر و أهم التحديات التي تواجه البنوك و ادارة الاصول و الخصوم بغرض الحد من المخاطر ، أنواع المخاطر و بعض مؤشرات قياسها و المخاطر الائتمانية و المخاطر المصرفية و أخيرا أهم التحديات و المخاطر التي تواجه البنوك الاسلامية في ضوء التطورات المصرفية الحديثة و مقررات لجنة بــازل و مؤشرات قياس مدى سلامة أداء البنك.
653 ## - INDEX TERM--UNCONTROLLED
Uncontrolled term الادارة
653 ## - INDEX TERM--UNCONTROLLED
Uncontrolled term الأزمات
653 ## - INDEX TERM--UNCONTROLLED
Uncontrolled term البنوك
942 ## - ADDED ENTRY ELEMENTS (KOHA)
Koha item type كتب
المقتنيات
Withdrawn status Lost status Source of classification or shelving scheme Damaged status Not for loan Home library Current library Date acquired Serial enumeration / chronology Inventory number Total checkouts Full call number Barcode Date last seen Price effective from Koha item type
    Dewey Decimal Classification   NOT LOAN / إعارة داخلية مكتبة كلية العلوم الإقتصادية والعلوم التجارية وعلوم التسيير مكتبة كلية العلوم الإقتصادية والعلوم التجارية وعلوم التسيير 07/05/2026 الطابق الأرضي 2011/1347   أ/3811ن1 2011/1347 07/05/2026 07/05/2026 كتب
    Dewey Decimal Classification   Available مكتبة كلية العلوم الإقتصادية والعلوم التجارية وعلوم التسيير مكتبة كلية العلوم الإقتصادية والعلوم التجارية وعلوم التسيير 07/05/2026 الطابق الأرضي 2011/1348   أ/3811ن2 2011/1348 07/05/2026 07/05/2026 كتب
    Dewey Decimal Classification   Available مكتبة كلية العلوم الإقتصادية والعلوم التجارية وعلوم التسيير مكتبة كلية العلوم الإقتصادية والعلوم التجارية وعلوم التسيير 07/05/2026 الطابق الثاني 2011/1349   أ/3811ن3 2011/1349 07/05/2026 07/05/2026 كتب

موارد الويب المفتوحة


© University of Algiers 3 All Rights Reserved
|
Implemented by LECHELAH Riad